Derechos fragmentados : acceso a derechos sociales y migración de retorno a México /

Bibliographic Details
Other Authors: Giorguli Saucedo, Silvia Elena, 1970- (Editor), Bautista León, Andrea (Editor)
Format: Electronic eBook
Language:Spanish
Published: Ciudad de México, México : El Colegio de México, 2023.
Edition:Primera edición electrónica.
Subjects:
Online Access:Digitalia Hispánica

MARC

LEADER 00000nam a2200000 i 4500
001 DIGCOLMX0512
003 NyNyDIG
006 m o d
007 cr |||||||||||
008 231209t20232022mx a ob 000 0 spa d
035 |a (OCoLC)1379451571 
040 |a DGITA  |b eng  |e rda  |e pn  |c DGITA 
020 |a 9786075644660  |q (ePub) 
020 |z 9786075643366  |q impreso 
043 |a n-mx---   |a n-us---  
050 1 4 |a KGF2983 ebook 
245 0 0 |a Derechos fragmentados :  |b acceso a derechos sociales y migración de retorno a México /  |c Silvia E. Giorguli Saucedo, Andrea Bautista León, coordinadoras. 
250 |a Primera edición electrónica. 
264 1 |a Ciudad de México, México :  |b El Colegio de México,  |c 2023. 
264 4 |c ©2022 
300 |a 1 online resource :  |b illustrations. 
336 |a text  |b txt  |2 rdacontent 
337 |a computer file  |b c  |2 rdamedia 
338 |a online resource  |b cr  |2 rdacarrier 
347 |a text file  |2 rdaft 
347 |b EPUB 
504 |a Includes bibliographical references. 
588 0 |a Online resource; title from ePub title page (Digitalia, viewed December 9, 2023) 
650 0 |a Emigration and immigration law  |z Mexico. 
650 0 |a Return migration  |x Social aspects  |z Mexico. 
651 0 |a United States  |x Emigration and immigration. 
700 1 |a Giorguli Saucedo, Silvia Elena,  |d 1970-  |e editor. 
700 1 |a Bautista León, Andrea,  |e editor. 
776 0 8 |i Print version:  |t Derechos fragmentados.  |b Primera edición impresa.  |d Ciudad de México, México : El Colegio de México, 2022  |z 9786075643366 
791 2 |a Digitalia (Firm),  |e distributor. 
793 0 |g Digitalia eBook Collection:  |a El Colegio de México 
856 4 0 |3 Digitalia Hispánica  |u https://www.digitaliapublishing.com/a/131881/ 
910 |a Premium collection: 2023